| 000 | 00391nam a22001577a 4500 | ||
|---|---|---|---|
| 003 | CEME | ||
| 005 | 20210628202636.0 | ||
| 008 | 210120b xxu||||| |||| 00| 0 eng d | ||
| 040 | _cceme | ||
| 082 | _a355.NBCD JAN | ||
| 100 |
_aEldridge John _960859 |
||
| 245 | _aJane's nuclear biological and chemical defence | ||
| 260 |
_aPDF _bJONATHAN CAPE _c2006 |
||
| 300 | _aPDF | ||
| 942 |
_cBK _2ddc |
||
| 999 |
_c570481 _d570481 |
||